LEADER 01152nam a2200265 i 4500 001 000000139005 003 CaOOAMICUS 005 20221005104816.0 008 050516s2004 it u000 u ita u 020 $a88-10-92813-X 040 $aSeMil$bita 100 1 $aCaffarra, Carlo,$c.$0(OLS)http://semarc/name/90006 245 12$aL'educazione: una sfida urgente /$cCarlo Caffarra. 264 1$aBologna :$bEDB,$c2004. 300 $a60 p. ;$c22 cm. 650 4$aAdolescenti - Educazione.$0(OLS)http://semarc/subject/6888 650 4$aCaffarra, Carlo - Interviste.$0(OLS)http://semarc/subject/27302 711 0 $aConvegno regionale Centro Sportivo Italiano .$0(OLS)http://semarc/name/116596 850 $aSeMil 852 $aSeMil$W1$xVenegono$y1$m2Q II 32$j92444$B92444$CSeMilBibl$Z2$F98305 $81 961 $aOmaggio per recensione: EDB 996 $6020$a88-10-92813-X$9(OLS)http://semarc/number/126976 996 $6245$aL'educazione: una sfida urgente$9(OLS)http://semarc/title/203148 996 $6264$aBologna :$bEDB$9(OLS)http://semarc/publisher/29669 LEADER 01915nam a2200277 i 4500 001 000000254640 003 CaOOAMICUS 005 20230727075318.0 008 170613s1698 it u000 u lat u 013 $a233545 026 $ao.o. C.ro i-o- Ilil (3) 1698 (R)$apt.1 026 $ae.o- 3.2. i-ut Segi (3) 1698 (R)$apt. 2 040 $aSeMil$bita 100 0 $aTommaso : d'Aquino,$c.$0(OLS)http://semarc/name/423 245 10$aPrima secundae partis. Accesserunt etiam Quaestiones D. Thomae, quae quolibetales vocantur, quas eo consilio huic tomo adjecimus, quòd mole sit reliquis minor. 300 $a2 pt. ([64], 640; [12], 89 [i.e. 91], [1] p.). 500 $aRipetute nella num. della seconda sequenza le p. 84-85 500 $aFront. della pt 1 stampato in rosso e nero 500 $aTit. della pt. 2: Divi Thomae de Aquino, ... Quaestiones quolibetales duodecim nunc ab infinitis mendis vindicate, & suo candori restitutae, ... 500 $aSegn.: *6 A-D6 E², ²A-3F6 3G8; ?6 A-G6 H4 773 0 $aTommaso : d'Aquino $tAngelici doctoris Sancti Thomae Aquinatis Summa theologica in quinque tomos distributa, cum commentariis Thomae De Vio cardinalis Cajetani et elucidationibus literalibus P. Seraphini Capponi ... Omnia ad plurima exempla hac editione comparata, variis characteribus, luculentis ad marginem notis, & citatorum locorum, unde ea deprompta sunt, cum suis fontibus collatione illustrata. ..$dPatavii : Ex Typographia Seminarii, 1698.$g2$w()11222 850 $aSeMil 852 $aSeMil$W1$xVenegono$y1$m2N VIII 9 FA$j204986$B204986$CSeMilBibl$Z2$F218507 $8I 961 $aLascito: Cattaneo, Ludovico 996 $6245$aPrima secundae partis. Accesserunt etiam Quaestiones D. Thomae, quae quolibetales vocantur, quas eo consilio huic tomo adjecimus, quòd mole sit reliquis minor$9(OLS)http://semarc/title/411073